<?xml version="1.0" encoding="UTF-8"?>
<collection xmlns="http://www.loc.gov/MARC21/slim">
  <record>
    <leader>00000nam  2200000   4500</leader>
    <controlfield tag="001">INLIS000000000810163</controlfield>
    <controlfield tag="005">20251106100948</controlfield>
    <datafield tag="035" ind1="#" ind2="#">
      <subfield code="a">0010-1125000017</subfield>
    </datafield>
    <datafield tag="245" ind1="#" ind2="#">
      <subfield code="a">Panduan Shalat :</subfield>
      <subfield code="b">Tata cara shalat sesuai tuntunan rasulullah /</subfield>
      <subfield code="c">Imam Asy-Syafii</subfield>
    </datafield>
    <datafield tag="260" ind1="#" ind2="#">
      <subfield code="a">Jakarta timur : :</subfield>
      <subfield code="b">Khatulistiwa press</subfield>
    </datafield>
    <datafield tag="082" ind1="#" ind2="#">
      <subfield code="a">297.382</subfield>
    </datafield>
    <datafield tag="084" ind1="#" ind2="#">
      <subfield code="a">297.382 SYA p</subfield>
    </datafield>
  </record>
</collection>
